000 00406nam a22001457a 4500
020 _qPB.
040 _cFIZZA ISHAQ
082 _a005.8
_bBIL
100 _aNelson, Bill.
_955485
245 _aGuide to Computer Forensics and Investigations /
_c Bill Nelson.
250 _a2ND ED.
260 _aCANADA:
_bTHOMSON Course Technology,
_c2006.
300 _a643 P. ;
_c7.5 x 1.5 x 9.25 inches
942 _2ddc
_cBK
999 _c615462
_d615462